Owen's African and Middle East commerce & travel and international register.

Bibliographic Details
New Title:Owen's commerce and travel and international register
Format: Serial
Language:English
Published: London : Owen's Commerce & Travel, ltd. [etc.]
Subjects:

MARC

Tag First Indicator Second Indicator Subfields
LEADER 00000cas a2200000 4500
001 in00000049894
005 20151007075858.0
008 770203 1955 enk y 0 engm
010 |a  55027482  
035 |a (OCoLC)02717666 
035 |9 AAF3939AM 
040 |a DLC  |c YUS  |d YUS  |d COO  |d FUG  |d UCU  |d TXA  |d UtOrBLW 
043 |a f------  |a aw----- 
049 |a TXAE 
050 0 0 |a HF3872  |b P3 
245 0 0 |a Owen's African and Middle East commerce & travel and international register. 
247 0 0 |a Pan-African commercial directory  |f 1953/54 
247 0 0 |a Owen's Pan-African & Middle East directory  |f 1955 
264 1 |a London :  |b Owen's Commerce & Travel, ltd. [etc.] 
300 |a volumes :  |b illustrations ;  |c 26 cm. annual 
336 |a text  |b txt  |2 rdacontent 
337 |a unmediated  |b n  |2 rdamedia 
338 |a volume  |b nc  |2 rdacarrier 
362 0 |a 1954-1963. 
651 0 |a Africa  |x Commerce  |x Periodicals. 
651 0 |a Middle East  |x Commerce  |x Periodicals. 
785 0 0 |t Owen's commerce and travel and international register  |w (OCoLC)2717592 
999 |a MARS 
999 f f |s 39cf70ed-e5d3-3c4b-8a1b-d8720b50fda8  |i 48219e34-58f0-301c-b4ea-780d225ed280  |t 0 
952 f f |p storage  |a Texas A&M University  |b J.J. Pickle Campus  |c High Density Repository  |d Remote Storage  |t 0  |e HF3872 .P3  |h Library of Congress classification  |i unmediated -- volume  |k 1961  |m A14840731185 
952 f f |p storage  |a Texas A&M University  |b J.J. Pickle Campus  |c High Density Repository  |d Remote Storage  |t 0  |e HF3872 .P3  |h Library of Congress classification  |i unmediated -- volume  |k 1962  |m A14840731224 
952 f f |p storage  |a Texas A&M University  |b J.J. Pickle Campus  |c High Density Repository  |d Remote Storage  |t 0  |e HF3872 .P3  |h Library of Congress classification  |i unmediated -- volume  |k 1963  |m A14805915809 
998 f f |a HF3872 .P3  |s 1961-1963  |t 0  |l Remote Storage